Quân đỏ và quân trắng

Wedi'i Gadw mewn:
Manylion Llyfryddiaeth
Prif Awdur: Alekxeev, Sergei
Awduron Eraill: Nguyễn Dũng (dịch)
Fformat: Llyfr
Iaith:Vietnamese
Cyhoeddwyd: Tp. Hồ Chí Minh Nxb. Trẻ 1987
Cyfres:Sách măng non
Pynciau:
Tagiau: Ychwanegu Tag
Dim Tagiau, Byddwch y cyntaf i dagio'r cofnod hwn!
Thư viện lưu trữ: Mạng thư viện Đại học Đà Nẵng
LEADER 01085nam a2200325 4500
001 000014599
003 10969
005 20120508160505.0
008 120508s1987 viesd
041 0 |a vie 
082 |a 891.73  |b AL-S 
100 0 |a Alekxeev, Sergei 
245 0 |a Quân đỏ và quân trắng  |c Sergei Alecxeev; Nguyễn Dũng dịch; Bìa và minh hoạ: Quốc Thông 
260 |a Tp. Hồ Chí Minh  |b Nxb. Trẻ  |c 1987 
300 |a 311tr.  |c 19 cm 
490 |a Sách măng non 
653 |a Liên Xô 
653 |a văn học hiện đại 
653 |a tiểu thuyết 
700 |a Nguyễn Dũng  |e dịch 
OWN |a LSP 
AVA |a UDN50  |b LSP  |d 891.73 AL-S  |e available  |t Error 5001 Not defined in file expand_doc_bib_avail.  |f 1  |g 0  |h N  |i 0  |k 1 
999 |a From the UDN01 
AVA |a UDN50  |b LSP  |d 891.73 AL-S  |e available  |t Error 5001 Not defined in file expand_doc_bib_avail.  |f 1  |g 0  |h N  |i 0  |k 1 
TYP |a Monograph 
TYP |a Printed language 
980 |a Mạng thư viện Đại học Đà Nẵng